LEADER 01372nam2 2200349 450 001 000028227 005 20110418162048.0 010 $a88-203-1088-0 100 $a20110215d1979----km-y0itaa50------ba 101 0 $aita 102 $aIT 200 1 $aStrumenti per radiotecnici$estrumenti per la messa a punto e la riparazione degli apparecchi radio ... 205 $a16. ed. aggiornata$fa cura di Giorgio Terenzi 210 $aMilano$c<> Hoepli$d1979 215 $aXVI, 366 p., [4] p. di tav.$cill.$d18 cm. 461 1$1001000028226$12001$aServizio radiotecnico$v1 606 1 $aMisure radiotecniche 606 2 $aRadioricevitori$xRiparazioni 676 $a621.384$v(21. ed.)$9Ingegneria elettronica, delle comunicazioni. Radio e radar 700 1$aRavalico,$bDomenico Eugenio$0445133 702 2$aTerenzi,$bGiorgio 801 0$aIT$bUniversità della Basilicata - B.I.A.$gRICA$2unimarc 912 $a000028227 996 $aStrumenti per radiotecnici$995252 997 $aUNIBAS BAS $aINGEGNERIA CAT $aTTM$b30$c20110215$lBAS01$h0932 CAT $aTTM$b30$c20110215$lBAS01$h1020 CAT $aFCL$b10$c20110418$lBAS01$h1619 CAT $aFCL$b10$c20110418$lBAS01$h1620 FMT Z30 -1$lBAS01$LBAS01$mBOOK$1BASA2$APolo Tecnico-Scientifico$2DID$BDidattica$3PTS.s2.p36.21$657368$5T57368$820110215$eXV, 529$f98$FConsultazione$hVol. 1 LEADER 02028nam0 2200385 450 001 000045059 005 20180917130831.0 100 $a20180913d1964----km-y0itaa50------ba 101 0 $aita 102 $aIT 200 1 $aMemoria illustrativa della carta della utilizzazione del suolo degli Abruzzi e Molise$efogli 13, 14 e 15 della Carta della utilizzazione del suolo d'Italia$fMario Ortolani$gcon la collaborazione di Piero Dagradi 210 $aRoma$cConsiglio nazionale delle ricerche$dstampa 1964 215 $a175 p.$cill.$d24 cm 225 2 $aMemorie regionali illustrative della carta della utilizzazione del suolo d'Italia$v5 316 $aSulla pagina precedente il frontespizio, firma autografa e data: Gioacchino Viggiani, 26 giugno 1965 410 0$12001$aMemorie regionali illustrative della carta della utilizzazione del suolo d'Italia$v5 606 1 $aEconomia agraria$yAbruzzo 606 2 $aEconomia agraria$yMolise 607 $aAbbruzzo$xGeografia economica 607 $aMolise$xGeografia economica 676 $a338.1$v(22. ed.)$9Produzione. Agricoltura 676 $a631.47$v(22. ed.)$9Pedologia. Rilevamenti del terreno e suo uso 700 1$aOrtolani,$bMario$0449888 702 1$aDagradi,$bPiero 801 0$aIT$bUniversità della Basilicata - B.I.A.$gREICAT$2unimarc 912 $a000045059 996 $aMemoria illustrativa della Carta della utilizzazione del suolo degli Abruzzi e Molise$9299515 997 $aUNIBAS CAT $aSTD120$b01$c20180913$lBAS01$h1813 CAT $aTTM$b30$c20180914$lBAS01$h1218 CAT $aTTM$b30$c20180917$lBAS01$h1237 CAT $aTTM$b30$c20180917$lBAS01$h1308 FMT Z30 -1$lBAS01$LBAS01$mBOOK$1BASA2$APolo Tecnico-Scientifico$2FVIG$BFondo Viggiani$3FVig/42738$642738$5T42738$7Collocato presso la Scuola di Agraria$820180913$f35$FStanza riservata Z30 -1$lBAS01$LBAS01$mBOOK$1BASA2$APolo Tecnico-Scientifico$2FVIG$BFondo Viggiani$3FVig/T42747$642747$542747$7Collocato presso la Scuola di Agraria$820180917$f35$FStanza riservata